| 000 | 00365nam a2200145Ia 4500 | ||
|---|---|---|---|
| 008 | 230312s9999||||xx |||||||||||||| ||und|| | ||
| 082 |
_a728 _bGAN-H |
||
| 100 | _aGanslandt;Rudiger | ||
| 245 | 0 | _aHandbook of Lighting Design | |
| 260 |
_bERCO _aGermany _c1992 |
||
| 300 | _a289 | ||
| 546 | _aEng. | ||
| 650 |
_aArchitecture _vHandbook of Lighting Design |
||
| 942 | _cBK | ||
| 999 |
_c9653 _d9653 |
||